Every Football Captain 25/26 - Statistics

General Stats
  • This quiz has been taken 59 times
  • The average score is 19 of 93
Answer Stats
Club Captain % Correct
1 Arsenal Martin Ødegaard
90%
1 Liverpool Virgil van Dijk
78%
1 Man United Bruno Fernandes
73%
1 Man City Bernardo Silva
66%
4 Inter Milan Lautaro Martínez
63%
2 Bayern Manuel Neuer
63%
3 Levante Pablo Martínez
61%
1 Chelsea Reece James
61%
1 Brighton Lewis Dunk
56%
1 Sunderland Granit Xhaka
54%
1 Aston Villa John McGinn
54%
1 Tottenham Cristian Romero
51%
1 Everton Seamus Coleman
51%
3 Real Madrid Daniel Carvajal
49%
3 Atletico Madrid Koke
49%
1 Crystal Palace Marc Guehi
49%
5 PSG Marquinhos
49%
3 Barcelona Marc-André Ter Stegen
44%
1 Bournemouth Adam Smith
37%
1 West Ham Jarrod Bowen
37%
1 Brentford Nathan Collins
34%
3 Athletic Club Iñaki Williams
32%
2 Leverkusen Robert Andrich
32%
2 Dortmund Emre Can
29%
1 Leeds Ethan Ampadu
29%
4 Napoli Giovanni Di Lorenzo
29%
1 Burnley Josh Cullen
29%
1 Nottingham Ryan Yates
27%
3 Real Betis Isco
24%
1 Newcastle Jamaal Lascelles
24%
4 Juventus Manuel Locatelli
24%
4 AC Milan Mike Maignan
24%
1 Fulham Tom Cairney
24%
3 Celta Vigo Iago Aspas
20%
4 Atalanta Marten de Roon
17%
3 Real Sociedad Mikel Oyarzabal
17%
1 Wolves Toti
17%
2 RB Leipzig David Raum
15%
2 Freiburg Christian Günter
12%
3 Girona Cristhian Stuani
12%
3 Villareal Gerard Moreno
12%
3 Valencia José Gayà
12%
2 Frankfurt Robin Koch
12%
2 Stuttgart Atakan Karazor
10%
2 St Pauli Jackson Irvine
10%
2 Bremen Marco Friedl
10%
4 Lazio Mattia Zaccagni
10%
2 Wolfsburg Maximilian Arnold
10%
3 Sevilla Nemanja Gudelj
10%
2 Hoffenheim Oliver Baumann
10%
3 Oviedo Santi Cazorla
10%
3 Mallorca Antonio Raíllo
7%
2 Union Christopher Trimmel
7%
5 Lyon Corentin Tolisso
7%
3 Getafe Dakonam Djené
7%
5 Nice Dante
7%
5 Monaco Denis Zakaria
7%
4 Torino Duván Zapata
7%
5 Strasbourg Emmanuel Emegha
7%
3 Espanyol Javi Puado
7%
5 Paris FC Julien Lopez
7%
5 Marseille Leonardo Balerdi
7%
4 Como Lucas Da Cunha
7%
2 Heidenheim Patrick Mainka
7%
4 AS Roma Stephan El Shaarawy
7%
4 Lecce Wladimiro Falcone
7%
2 HSV Yussuf Poulsen
7%
4 Pisa Antonio Caracciolo
5%
3 Alavés Antonio Sivera
5%
5 Lille Benjamin André
5%
4 Parma Enrico Delprato
5%
4 Genoa Johan Vásquez
5%
4 Fiorentina Luca Ranieri
5%
2 Köln Marvin Schwäbe
5%
4 Cremonese Matteo Bianchetti
5%
3 Rayo Vallecano Óscar Valentín
5%
2 Mainz Silvan Widmer
5%
4 Hellas Verona Suat Serdar
5%
2 Gladbach Tim Kleindienst
5%
5 Le Havre Arouna Sangante
2%
5 Brest Brendan Chardonnet
2%
4 Sassuolo Filippo Romagna
2%
5 Lens Florian Sotoca
2%
5 Metz Gauthier Hein
2%
5 Angers Haris Belkebla
2%
2 Augsburg Jeffrey Gouweleeuw
2%
4 Udinese Jesper Karlström
2%
3 Osasuna Kike Barja
2%
5 Lorient Laurent Abergel
2%
4 Cagliari Leonardo Pavoletti
2%
4 Bologna Lorento De Silvestri
2%
3 Elche Pedro Bigas
2%
5 Toulouse Rasmus Nicolaisen
2%
No matching quizzes found
Score Distribution
Percent of People with Each Score
Percentile by Number Answered
Your Score History
You have not taken this quiz